Gryffindor - Sudden Death - Statistics

General Stats
  • This quiz has been taken 1,185 times
  • The average score is 10 of 16
Answers on the Grid
Answers color-coded by a green-red scale on the quiz's grid according to % correct below.
Albus Dumbledore
Angelina Johnson
Bellatrix Lestrange
Cedric Diggory
Cho Chang
Dean Thomas
Dolores Umbridge
Draco Malfoy
Filius Flitwick
Gilderoy Lockhart
Gregory Goyle
Harry Potter
Hermione Granger
Horace Slughorn
Lavender Brown
Luna Lovegood
Minerva McGonagall
Neville Longbottom
Nymphadora Tonks
Oliver Wood
Parvati Patil
Peter Pettigrew
Quirinus Quirrell
Remus Lupin
Ron Weasley
Rubeus Hagrid
Seamus Finnigan
Severus Snape
Sirius Black
Sybill Trelawney
Vincent Crabbe
Voldemort
 
Answer Stats
Answer % Correct
Albus Dumbledore
87%
Harry Potter
80%
Hermione Granger
77%
Ron Weasley
74%
Neville Longbottom
70%
Dean Thomas
66%
Sirius Black
65%
Minerva McGonagall
64%
Angelina Johnson
63%
Oliver Wood
62%
Remus Lupin
61%
Seamus Finnigan
61%
Lavender Brown
57%
Peter Pettigrew
55%
Parvati Patil
54%
Rubeus Hagrid
51%
No matching quizzes found
Score Distribution
Percent of People with Each Score
Percentile by Number Answered
Your Score History
You have not taken this quiz